Central Library OPAC University of Rajshahi

প্রশাসনের অন্দরমহল: (Record no. 59420)

MARC details
000 -LEADER
fixed length control field 00984nam a2200229 a 4500
001 - CONTROL NUMBER
control field 59420
003 - CONTROL NUMBER IDENTIFIER
rucl marc code BD-RjUL
005 - DATE AND TIME OF LATEST TRANSACTION
control field 20211209080727.0
008 - FIXED-LENGTH DATA ELEMENTS--GENERAL INFORMATION
fixed length control field 161224s1987 ii ||||| |||| 00| 0 ben d
035 ## - SYSTEM CONTROL NUMBER
System control number (BD-RjUL)59544
040 ## - CATALOGING SOURCE
Original cataloging agency BD-RjUL
Language of cataloging ben
Transcribing agency BD-RjUL
Modifying agency BD-RjUL
041 ## - LANGUAGE CODE
Language code of text/sound track or separate title ben
082 ## - DEWEY DECIMAL CLASSIFICATION NUMBER
Edition number 23
Classification number 351.5492
Author mark and year RAP 1987
100 1# - MAIN ENTRY--PERSONAL NAME
Personal name রায়, জয়ন্তকুমার
9 (RLIN) 208737
245 10 - TITLE STATEMENT
Title প্রশাসনের অন্দরমহল:
Remainder of title বাংলাদেশ /
Statement of responsibility, etc. জয়ন্তকুমার রায় , মুনতাসীর মামুন
260 ## - PUBLICATION, DISTRIBUTION, ETC. (IMPRINT)
Place of publication, distribution, etc. কলকাতা :
Name of publisher, distributor, etc. প্যাপিরাস,
Date of publication, distribution, etc. ১৯৮৭
300 ## - PHYSICAL DESCRIPTION
Pagination [১০], ২৯৯ পৃ. ;
Size ২২ সেমি.
650 ## - SUBJECT ADDED ENTRY--TOPICAL TERM
Topical term or geographic name as entry element লোকপ্রশাসন
Form subdivision বাংলাদেশ
9 (RLIN) 162717
Topical term or geographic name as entry element Public Administration
Form subdivision Bangladesh
9 (RLIN) 162451
700 ## - ADDED ENTRY--PERSONAL NAME
Personal name মামুন, মুনতাসীর, যুগ্ম লেখক
942 ## - ADDED ENTRY ELEMENTS (KOHA)
Source of classification or shelving scheme Dewey Decimal Classification
Koha item type Books
Holdings
Lost status Source of classification or shelving scheme Damaged status Not for loan Collection code Permanent Location Current Location Shelving location Date acquired Source of acquisition Cost, normal purchase price Total Checkouts Full call number Date last seen Copy number Koha item type
  Dewey Decimal Classification   Not For Loan Non-fiction Central Library, University of Rajshahi Central Library, University of Rajshahi Reading Room 10/10/1987 Zinnat Book, Dhaka 148.00   B 351.5492 RAP 1987 24/12/2016 C-1 Books